000 00721nam a22001937a 4500
005 20240530110921.0
008 220221s2005 ua a g b 000 0 ara d
040 _aEG-CaGPL
_cEG-CaGPL
082 0 4 _221
_a330.9\
_bم م
110 0 _aمؤسسة كونراد اديناور
245 1 0 _aموسوعة اقتصاد السوق الاجتماعى :
_bالسياسة الاقتصادية من الالف الى الياء /
_cمؤسسة كونراد اديناور
250 _aط.1
300 _a641 ص. ؛
_c24 سم.
650 0 7 _aالاقتصاد
650 0 7 _aالسياسة الاقتصادية
700 0 _aياسر ساره
_eمترجم
942 _2ddc
_cBK
999 _c66488
_d66488